000
00366nam a2200169Ia 4500
003
0STCL
008
150530s9999 xx 000 0 und d
040
_a
STCL
_c
STCL
100
_a
Sarnam Singh
245
_a
Insan KI Rah
260
_b
Malik Co ; Jaipur
_c
1969
300
_a
0
546
_a
Hindi
942
_2
ddc
_c
BK
999
_c
63348
_d
63348
005
20220125171224.0